000 01077cam a22003377a 4500
003 CHAP
005 20220329142445.0
008 010313d2000 cr a r 00110 spa d
010 _a83755
011 _a84727
020 _a9977710198
035 _a95253
040 _cCHAP
082 0 4 _a658
_bK4 2000
100 0 0 _aKetelhohn, Werner
_e, ed.
_963115
245 1 0 _aForjando el futuro :
_bpercepciones gerenciales del INCAE
_c/ed. por Werner Ketelhohn
250 _a2 ed.
260 _aAlajuela, Costa Rica :
_bINCAE,
_c2000.
300 _a308 p. :
_bilus. ; gráfs.
590 _aBATCH-UPD
_b10
_c20130110
_lUCH01
_h0546
590 _aBATCH-UPD
_b10
_c20130410
_lUCH01
_h0227
590 _aBATCH-UPD
_b10
_c20130913
_lUCH01
_h1947
590 _aCONVERSION
_b10
_c20130109
_lUCH01
_h1347
650 1 4 _aAdministración de empresas.
_9922
650 1 4 _aIndustria
_xAdministración.
_957683
650 1 4 _aNegocios.
_980696
901 _aBK
905 _aPatricia Mendoza P.
942 _cLIBRO
949 _a658 K4 2000
_bBC
_cLIBRO
_d33724000810750
_eLIBRO
_h99840
_i95253
_kDonaciØn
_si
999 _c83755
_d83755